[Event "Mecklenburg VP-chC"]
[Site "Greifswald"]
[Date "2024.03.25"]
[Round "6"]
[White "Toaspern, Gabriel"]
[Black "Moeller, Peter1"]
[Result "0-1"]
[WhiteElo "1614"]
[BlackElo "1732"]
[PlyCount "176"]
[EventDate "2024.03.23"]
[EventType "swiss"]
[EventRounds "7"]
[EventCountry "GER"]
[SourceTitle "CB14_2024"]
[SourceDate "2024.04.01"]
[SourceVersion "1"]
[SourceVersionDate "2024.04.01"]
[SourceQuality "1"]

1. d4 Nf6 2. c4 c6 3. Nf3 d5 4. Qc2 Bg4 5. Ne5 Bh5 6. e3 e6 7. cxd5 exd5 8. Be2 Bd6 9. Bxh5 Nxh5 10. Qf5 Nf6 11. Nd2 Nbd7 12. Ndf3 h6 13. Nxd7 Qxd7 14. Qxd7+ Nxd7 15. b3 f6 16. Bb2 Kf7 17. Kd2 Rae8 18. Kd3 Re7 19. Rhe1 Rhe8 20. Re2 Nf8 21. h3 Ng6 22. a4 Nf4+ 23. Kd2 Bb4+ 24. Kd1 Nxe2 25. Kxe2 a5 26. Nh4 g6 27. g4 Re4 28. Rc1 f5 29. Nf3 fxg4 30. hxg4 Bd6 31. Rg1 g5 32. Bc3 b6 33. Ne5+ Bxe5 34. dxe5 c5 35. f3 R4xe5 36. Bxe5 Rxe5 37. Kd3 Re7 38. Rd1 Rd7 39. Kc3 Ke6 40. Rh1 Rh7 41. Rh2 Kf6 42. Rh1 Kg6 43. Kd3 Rd7 44. Rh2 Rd6 45. Rh1 Kf7 46. Rh2 Rc6 47. Rc2 Ke6 48. Rc1 Ke5 49. Rc2 Rd6 50. Rc1 d4 51. Rh1 Rf6 52. exd4+ cxd4 53. Re1+ Kd5 54. Rf1 Re6 55. Kd2 Re3 56. Kc2 Ke5 57. Rh1 Rc3+ 58. Kb2 Rc6 59. Re1+ Kf4 60. Re4+ Kxf3 61. Rxd4 Ke3 62. Rd8 Rf6 63. Kc3 Rc6+ 64. Kb2 Kf4 65. Rd4+ Ke3 66. Rd8 Ke2 67. Rd7 Rf6 68. Kc3 Rf4 69. Rd6 Rxg4 70. Rxh6 Rb4 71. Re6+ Kf3 72. Rf6+ Kg3 73. Rg6 g4 74. Rf6 Kg2 75. Rg6 g3 76. Rg8 Kf2 77. Rf8+ Kg1 78. Rg8 g2 79. Rg6 Rf4 80. Rd6 Kf1 81. Rd1+ Kf2 82. Rd2+ Kg3 83. Rd1 Rf1 84. Rd8 g1Q 85. Rg8+ Kf3 86. Rf8+ Ke4 87. Re8+ Kd5 88. Rd8+ Kc6 0-1

[Event "Mecklenburg VP-chC"]
[Site "Greifswald"]
[Date "2024.03.24"]
[Round "4"]
[White "Briese, Paul"]
[Black "Toaspern, Gabriel"]
[Result "1-0"]
[WhiteElo "1624"]
[BlackElo "1614"]
[PlyCount "51"]
[EventDate "2024.03.23"]
[EventType "swiss"]
[EventRounds "7"]
[EventCountry "GER"]
[SourceTitle "CB14_2024"]
[SourceDate "2024.04.01"]
[SourceVersion "1"]
[SourceVersionDate "2024.04.01"]
[SourceQuality "1"]

1. e4 c5 2. d3 Nc6 3. Nf3 e6 4. Nbd2 d5 5. g3 Bd6 6. Bg2 Nf6 7. 0-0 0-0 8. Re1 Bc7 9. h3 h6 10. Nh2 b6 11. f4 dxe4 12. dxe4 e5 13. f5 a5 14. c3 a4 15. g4 Bb7 16. h4 Qd3 17. g5 hxg5 18. hxg5 Nh7 19. Qh5 Rfd8 20. Ng4 Qc2 21. g6 fxg6 22. fxg6 Rxd2 23. Qxh7+ Kf8 24. Bxd2 Qxd2 25. Qh8+ Ke7 26. Qxg7+ 1-0

[Event "Mecklenburg VP-chC"]
[Site "Greifswald"]
[Date "2024.03.24"]
[Round "3"]
[White "Toaspern, Gabriel"]
[Black "Thormaehlen, Tjark"]
[Result "0-1"]
[WhiteElo "1614"]
[BlackElo "1686"]
[PlyCount "70"]
[EventDate "2024.03.23"]
[EventType "swiss"]
[EventRounds "7"]
[EventCountry "GER"]
[SourceTitle "CB14_2024"]
[SourceDate "2024.04.01"]
[SourceVersion "1"]
[SourceVersionDate "2024.04.01"]
[SourceQuality "1"]

1. d4 Nf6 2. c4 e6 3. Nf3 d5 4. g3 c6 5. Qc2 Be7 6. Bg2 Nbd7 7. 0-0 0-0 8. b3 Ne4 9. Bb2 Ndf6 10. Ne5 Qc7 11. Rd1 Nd6 12. Nd2 Nf5 13. Rac1 Bd7 14. e4 dxe4 15. Nxe4 Nxe4 16. Bxe4 Rac8 17. Rd3 Bf6 18. g4 Nh4 19. Bxh7+ Kxh7 20. Rh3+ Kg8 21. g5 Bxg5 22. Re1 f5 23. Qe2 Be8 24. Ba3 Rd8 25. Bxf8 Kxf8 26. Nf3 Nxf3+ 27. Qxf3 Bh6 28. Rxe6 Qf7 29. Re5 f4 30. Re4 Qg6+ 31. Kf1 Kg8 32. Qe2 Bd7 33. Rc3 Bg4 34. Qe1 f3 35. Rxg4 Qxg4 0-1